000 00584nam a2200229Ia 4500
003 OSt
005 20221007080903.0
006 a|||||r|||| 00| 0
007 ta
008 221006b |||||||| |||| 00| 0 eng d
024 _a14,079
037 _cTextual
040 _aFLL
_cFLL
_beng
041 _2eng
_aeng
082 _aX.5:Z, J2
100 _aHicks C.M. Au.
_9695791
245 0 _aBusiness law
260 _aNew York
_bHarper and brothers U.S.A.
_c1952
300 _a1155p
_ccm.
942 _hX.5:Z, J2
_cTEXL
_2CC
999 _c1161257
_d1161257